000
00179 a2200097 4500
020
_a
9781490034560
041
_a
spa
100
_a
Tisha Hamilton
245
_a
Mi libro
942
_c
K
999
_c
27553
_d
27553